Fundamentos de Contabilidad (Registro nro. 1776)
[ vista simple ]
| 000 -LEADER | |
|---|---|
| fixed length control field | 01239 a2200229 4500 |
| 001 - CONTROL NUMBER | |
| control field | 28986 |
| 005 - DATE AND TIME OF LATEST TRANSACTION | |
| control field | 20260407155558.0 |
| 008 - FIXED-LENGTH DATA ELEMENTS--GENERAL INFORMATION | |
| fixed length control field | 260407a1945 arg spa d |
| 003 - CONTROL NUMBER IDENTIFIER | |
| control field | AR-UNSa-BCEJYS |
| 040 ## - CATALOGING SOURCE | |
| Original cataloging agency | AR-UNSa-BCEJYS |
| Language of cataloging | spa |
| Transcribing agency | AR-UNSa-BCEJYS |
| 080 ## - UNIVERSAL DECIMAL CLASSIFICATION NUMBER | |
| Universal Decimal Classification number | 657 |
| Common auxiliary subdivision | Contabilidad |
| 041 ## - LANGUAGE CODE | |
| Language code of text/sound track or separate title | spa |
| 100 1# - MAIN ENTRY--PERSONAL NAME | |
| Personal name | Martinez, Enrique |
| 245 10 - TITLE STATEMENT | |
| Title | Fundamentos de Contabilidad |
| 250 ## - EDITION STATEMENT | |
| Edition statement | 2a. ed. |
| 264 #1 - PRODUCTION, PUBLICATION, DISTRIBUTION, MANUFACTURE, AND COPYRIGHT NOTICE | |
| Place of production, publication, distribution, manufacture | México : |
| Name of producer, publisher, distributor, manufacturer | Unión Tipográfica Editorial Hispano-Americana (UTEHA) |
| Date of production, publication, distribution, manufacture, or copyright notice | 1945 |
| 300 ## - PHYSICAL DESCRIPTION | |
| Extent | 301 p. |
| Dimensions | 25 cm. |
| 505 ## - FORMATTED CONTENTS NOTE | |
| Formatted contents note | 1. Elementos básicos - 2. Diarización y pases - 3. La balanza de comprobación; clasificación de cuentas - 4. La hoja de trabajo y estados financieros sencillos - 5. Cuentas de mercancias y sus registros - 6. Caja; Descuentos por pagos al contado; Registros de caja - 7. Documentos de crédito comercial - 8. Asientos de ajuste - 9. Estados financieros - 10. Cierre de libros, reversión de asientos de cierre. Localización de errores - 11. Asociaciones - 12. Cuentas de control - 13. Inventarios de empresas mercantiles - 14. Contabilidad para organizaciones no mercantiles - 15. Preguntas de repaso general |
| 590 ## - LOCAL NOTE (RLIN) | |
| Local note | niveau_biblio:m niveau_hierar:0 |
| 700 1# - ADDED ENTRY--PERSONAL NAME | |
| Personal name | Himmelblau, David |
| 942 ## - ADDED ENTRY ELEMENTS (KOHA) | |
| Koha item type | |
| Withdrawn status | Lost status | Damaged status | Not for loan | Home library | Current library | Shelving location | Date acquired | Total checkouts | Full call number | Barcode | Date last seen | Price effective from | Koha item type |
|---|---|---|---|---|---|---|---|---|---|---|---|---|---|
| Biblioteca Prof. Eusebio Cleto del Rey | Biblioteca Prof. Eusebio Cleto del Rey | 07/04/2026 | 657 H658 v.1 2ed. | L20134 | 07/04/2026 | 07/04/2026 | Libro | ||||||
| Biblioteca Prof. Eusebio Cleto del Rey | Biblioteca Prof. Eusebio Cleto del Rey | 07/04/2026 | 657 H658 v.1 2ed. | L21563 | 07/04/2026 | 07/04/2026 | Libro | ||||||
| Biblioteca Prof. Eusebio Cleto del Rey | Biblioteca Prof. Eusebio Cleto del Rey | 07/04/2026 | 657 H658 v.1 2ed. | L21899 | 07/04/2026 | 07/04/2026 | Libro |